Quiz o Kielcach - Statystyki

Ogólne statystyki
  • Ten quiz został rozwiązany 311 razy
    149 od ostatniego zresetowania
  • Średni wynik to 8 z 15
Statystyki odpowiedzi
Wskazówka Odpowiedź % Poprawnych
Kielce znajdują się w tym województwie Świętokrzyskie
87%
Klub piłkarski występujący obecnie w I Lidze, powstał 10 lipca 1973 roku, w wyniku połączenia Iskry Kielce i SHL Kielce Korona Kielce
84%
Rejestracja samochodowa Kielc TK
78%
Wiek, w którym Kielce uzyskały prawa miejskie XIII
73%
Uniwersytet w Kielcach (UJK) nosi jego imię Jan Kochanowski
58%
Męski klub piłki ręcznej, założony w 1965 w Kielcach jako sekcja Iskry Kielce. Osiemnastokrotny mistrz Polski, siedemnastokrotny zdobywca Pucharu Polski, zwycięzca Ligi Mistrzów w sezonie 2015/2016 Vive Kielce
57%
Najsłynniejsza kielecka ulica o długości ok. 1270 metrów Ulica Henryka Sienkiewicza
50%
Historyczny region, w którym leży miasto Małopolska
48%
Rzeka przepływająca przez miasto Silnica
44%
Obecna prezydent miasta Agata Wojda
43%
Urodzony w Kielcach pisarz, eseista, więzień obozów pracy Gułagu. Napisał m.in. „Inny świat” Gustaw Herling-Grudziński
42%
Barokowy pałac, była rezydencja biskupów krakowskich, obecnie pełni funkcję Muzeum Narodowego Pałac Biskupów Krakowskich
41%
Kielecki tancerz i choreograf, od 2010 współprowadzi program Top Model Michał Piróg
35%
Wzgórze, w południowo-zachodniej części Kielco wysokości 295 m n.p.m. Kadzielnia
21%
Pierwszy w Europie pomnik upamiętniający atak terrorystyczny na World Trade Center Homo Homini
19%
Nie znaleziono quizów pasujących do podanych kryteriów
Rozkład punktacji
Procent ludzi z każdym wynikiem
Percentyl według liczby udzielonych odpowiedzi
Twoja historia wyników
Nie rozwiązałeś tego quizu od ostatniego zresetowania